[Event "Schloss op 1st"]
[Site "Heusenstamm"]
[Date "2014.11.21"]
[Round "3.24"]
[White "Seickel, Ralf"]
[Black "Budde, Michael"]
[Result "1-0"]
[WhiteElo "2054"]
[BlackElo "1876"]
[PlyCount "57"]
[EventDate "2014.11.??"]
[EventType "swiss"]
[EventRounds "7"]
[EventCountry "GER"]
[BlackTeam "SC Floersheim 1921"]

1. d4 Nf6 2. Nf3 d5 3. g3 Bf5 4. c4 e6 5. Bg2 Bb4+ 6. Nbd2 O-O 7. O-O c6 8. Qb3
Qe7 9. Nb1 b6 10. Bg5 Bd6 11. Nh4 Bg4 12. f3 Bh5 13. e4 dxc4 14. Qxc4 h6 15.
Bxf6 gxf6 16. Nc3 Qc7 17. f4 b5 18. Qd3 Be7 19. g4 Bg6 20. f5 Bh7 21. Qd2 Kg7
22. Rf3 Bd6 23. e5 fxe5 24. f6+ Kh8 25. Qxh6 Rg8 26. Rh3 Rxg4 27. Ng6+ fxg6 28.
dxe5 Bf8 29. Qxf8# 1-0

[Event "Schloss op 1st"]
[Site "Heusenstamm"]
[Date "2014.11.21"]
[Round "3.25"]
[White "Schrader, Hans Joachim"]
[Black "Kreyssig, Bruno"]
[Result "1-0"]
[WhiteElo "2043"]
[BlackElo "1875"]
[PlyCount "57"]
[EventDate "2014.11.??"]
[EventType "swiss"]
[EventRounds "7"]
[EventCountry "GER"]
[WhiteTeam "SV Kinzigtal"]
[BlackTeam "SG Leipzig"]

1. e4 c5 2. Nf3 d6 3. d4 cxd4 4. Nxd4 Nf6 5. Nc3 g6 6. Be3 Bg7 7. Qd2 Nc6 8. f3
O-O 9. O-O-O Qa5 10. Kb1 Bd7 11. Bc4 Rfc8 12. Bb3 Ne5 13. Bh6 Bh8 14. Nd5 Qd8
15. h4 Nc4 16. Qe2 b5 17. h5 a5 18. hxg6 fxg6 19. g4 a4 20. Bxc4 Rxc4 21. Be3
e5 22. Bg5 exd4 23. Qh2 Be6 24. Nxf6+ Bxf6 25. Qxh7+ Kf8 26. Bh6+ Ke8 27. Bg7
Be5 28. Bxe5 dxe5 29. Qg7 1-0

[Event "Schloss op 1st"]
[Site "Heusenstamm"]
[Date "2014.11.21"]
[Round "3.26"]
[White "Hinrichs, Niklas"]
[Black "Zweschper, Erich"]
[Result "1/2-1/2"]
[WhiteElo "1802"]
[BlackElo "2043"]
[PlyCount "38"]
[EventDate "2014.11.??"]
[EventType "swiss"]
[EventRounds "7"]
[EventCountry "GER"]
[WhiteTeam "SK Bingen"]
[BlackTeam "SVG Eppstein 1932"]

1. d4 Nf6 2. c4 d6 3. Nf3 Nbd7 4. Bf4 g6 5. e3 Bg7 6. Nc3 O-O 7. h3 c6 8. Be2
Qe8 9. O-O e5 10. dxe5 dxe5 11. Bh2 Qe7 12. Qc2 Re8 13. Rfd1 h6 14. Rd2 Bf8 15.
Rad1 Qe6 16. a3 g5 17. Bg3 b6 18. Qb1 Ba6 19. Bd3 Qe7 1/2-1/2

[Event "Schloss op 1st"]
[Site "Heusenstamm"]
[Date "2014.11.21"]
[Round "3.27"]
[White "Weiss, Matthias"]
[Black "Schindelmeiser, Frank"]
[Result "0-1"]
[WhiteElo "2042"]
[BlackElo "1834"]
[PlyCount "92"]
[EventDate "2014.11.??"]
[EventType "swiss"]
[EventRounds "7"]
[EventCountry "GER"]
[WhiteTeam "SF Schoeneck"]
[BlackTeam "SV Oberursel"]

1. e4 c5 2. Nf3 Nc6 3. c3 e6 4. d4 d5 5. exd5 Qxd5 6. Na3 cxd4 7. Nb5 Bd6 8.
Nxd6+ Qxd6 9. Bb5 Bd7 10. O-O Nf6 11. cxd4 a6 12. Ba4 h6 13. Be3 Nd5 14. Rc1
O-O 15. Bc2 Ncb4 16. Bb1 Rac8 17. Qd2 Nxe3 18. fxe3 Bb5 19. Rfe1 Nd5 20. e4 Ne7
21. Rc3 Bc6 22. Ne5 Rcd8 23. Rd1 f6 24. Nc4 Qd7 25. Rg3 g5 26. h4 Qc7 27. Rc3
Ng6 28. hxg5 fxg5 29. e5 Nf4 30. Ne3 Rxd4 31. Qc2 Rxd1+ 32. Nxd1 Qf7 33. Ne3 h5
34. Kh2 Qg7 35. g3 Nd5 36. Nxd5 exd5 37. e6 d4 38. Rc5 Rf1 39. Rxc6 bxc6 40.
Qc4 Re1 41. Bf5 Qe5 42. e7+ Kg7 43. e8=Q Qxe8 44. Qxd4+ Qe5 45. Qd7+ Kf6 46.
Bd3 Qxb2+ 0-1

[Event "Schloss op 1st"]
[Site "Heusenstamm"]
[Date "2014.11.21"]
[Round "3.28"]
[White "Leichum, Engelbert"]
[Black "Carow, Annelen"]
[Result "0-1"]
[WhiteElo "1745"]
[BlackElo "2034"]
[PlyCount "50"]
[EventDate "2014.11.??"]
[EventType "swiss"]
[EventRounds "7"]
[EventCountry "GER"]
[BlackTeam "SF Heidesheim"]

1. e4 c5 2. Bc4 Nc6 3. d3 a6 4. Be3 e6 5. Nf3 Nf6 6. c3 Be7 7. h3 d5 8. exd5
Nxd5 9. Qc2 Nxe3 10. fxe3 b5 11. Bb3 Bb7 12. Nbd2 Qd7 13. O-O-O Na5 14. Rhf1
Qc7 15. Ne4 Bxe4 16. dxe4 c4 17. Nd4 O-O 18. Qe2 cxb3 19. axb3 Rad8 20. e5 Nc6
21. Qh5 Qxe5 22. Qg4 Qxe3+ 23. Kb1 Nxd4 24. cxd4 Qxb3 25. Rf3 Qxd1+ 0-1

[Event "Schloss op 1st"]
[Site "Heusenstamm"]
[Date "2014.11.21"]
[Round "3.29"]
[White "Held, Carsten"]
[Black "Ruell, Michael"]
[Result "1-0"]
[WhiteElo "2033"]
[BlackElo "1782"]
[PlyCount "53"]
[EventDate "2014.11.??"]
[EventType "swiss"]
[EventRounds "7"]
[EventCountry "GER"]
[WhiteTeam "SC Ladja Rossdorf"]
[BlackTeam "SC 1952 Obertshausen"]

1. Nf3 Nf6 2. c4 g6 3. g3 Bg7 4. Bg2 O-O 5. Nc3 d6 6. O-O e5 7. d3 Nc6 8. Rb1
a5 9. a3 Nh5 10. b4 axb4 11. axb4 f5 12. Qb3 f4 13. b5 Ne7 14. Bb2 h6 15. Ra1
Rxa1 16. Rxa1 Be6 17. Ra7 g5 18. Rxb7 Qc8 19. Ra7 Bh3 20. Rxc7 Qxc7 21. Bxh3
Kh8 22. Ba3 Nf6 23. Nd2 fxg3 24. hxg3 Nc8 25. Nde4 g4 26. Bg2 Rd8 27. Nxf6 1-0

[Event "Schloss op 1st"]
[Site "Heusenstamm"]
[Date "2014.11.21"]
[Round "3.30"]
[White "Faerber, David"]
[Black "Euler, Stephan"]
[Result "1/2-1/2"]
[WhiteElo "1732"]
[BlackElo "2030"]
[PlyCount "49"]
[EventDate "2014.11.??"]
[EventType "swiss"]
[EventRounds "7"]
[EventCountry "GER"]
[WhiteTeam "SV Walldorf"]
[BlackTeam "SC Ladja Rossdorf"]

1. e4 d5 2. exd5 Qxd5 3. Nc3 Qd6 4. Nf3 Nf6 5. Bc4 a6 6. O-O e6 7. a4 Be7 8.
Re1 O-O 9. d3 c5 10. Ne4 Qc7 11. Bg5 Nbd7 12. Qd2 b6 13. Bf4 Qc6 14. Neg5 Nd5
15. Bg3 Bb7 16. Bb3 Rad8 17. Ne4 b5 18. axb5 axb5 19. c3 b4 20. Ba4 Qb6 21.
Bxd7 Rxd7 22. Ne5 Rdd8 23. Nc4 Qc6 24. Na5 Qb6 25. Nc4 1/2-1/2

[Event "Schloss op 1st"]
[Site "Heusenstamm"]
[Date "2014.11.21"]
[Round "3.32"]
[White "Neukirchner, Pascal"]
[Black "Kropp, Volker"]
[Result "1/2-1/2"]
[WhiteElo "1726"]
[BlackElo "2025"]
[PlyCount "46"]
[EventDate "2014.11.??"]
[EventType "swiss"]
[EventRounds "7"]
[EventCountry "GER"]
[WhiteTeam "SK Gruendau"]
[BlackTeam "SV Mainz Mombach"]

1. d4 Nf6 2. Nf3 c5 3. c3 e6 4. Bf4 Nc6 5. e3 d5 6. Nbd2 Bd6 7. Bg3 Bxg3 8.
hxg3 cxd4 9. exd4 Qd6 10. Bb5 Bd7 11. Nb3 a6 12. Bxc6 Bxc6 13. Na5 Qc7 14. Nxc6
Qxc6 15. Ne5 Qb5 16. Qd3 Qxd3 17. Nxd3 Ne4 18. g4 a5 19. f3 Nd6 20. Nf4 a4 21.
Kf2 O-O 22. Rh2 g5 23. Nd3 a3 1/2-1/2

[Event "Schloss op 1st"]
[Site "Heusenstamm"]
[Date "2014.11.21"]
[Round "3.33"]
[White "Gelfenbaum, Daniel"]
[Black "De Silva, Joel Niels"]
[Result "0-1"]
[WhiteElo "1715"]
[BlackElo "2018"]
[PlyCount "76"]
[EventDate "2014.11.??"]
[EventType "swiss"]
[EventRounds "7"]
[EventCountry "GER"]
[WhiteTeam "TuS Makkabi Frankfurt"]
[BlackTeam "SV Hockenheim"]

1. e4 c5 2. Nf3 Nc6 3. d4 cxd4 4. Nxd4 Nf6 5. Nc3 e5 6. Ndb5 d6 7. Bg5 a6 8.
Na3 b5 9. Nd5 Be7 10. Bxf6 Bxf6 11. c4 b4 12. Nc2 Rb8 13. Be2 O-O 14. O-O Bg5
15. Qd3 f5 16. Bf3 f4 17. Rad1 Be6 18. b3 a5 19. a3 Rf7 20. Ra1 bxa3 21. Rxa3
Bh6 22. Rd1 g6 23. Nc3 Bf8 24. Nb5 Rd7 25. Ra4 Rc8 26. Qe2 Qh4 27. h3 h5 28.
Kh2 Be7 29. Rd2 Kg7 30. Qd1 Rcd8 31. Be2 Qxf2 32. Kh1 Qh4 33. Bf1 g5 34. Rd3 g4
35. Rc3 Kh7 36. Kg1 gxh3 37. gxh3 Rg8+ 38. Kh2 Qf2+ 0-1

[Event "Schloss op 1st"]
[Site "Heusenstamm"]
[Date "2014.11.21"]
[Round "3.34"]
[White "Krueger, Till"]
[Black "Guenther, Rainer"]
[Result "1-0"]
[WhiteElo "2016"]
[BlackElo "1644"]
[PlyCount "85"]
[EventDate "2014.11.??"]
[EventType "swiss"]
[EventRounds "7"]
[EventCountry "GER"]
[WhiteTeam "SC Nidderau"]
[BlackTeam "SV Mainz Mombach"]

1. e4 c5 2. Nf3 d6 3. Bb5+ Nc6 4. O-O Bg4 5. h3 Bh5 6. d3 Nf6 7. Be3 e6 8. Nbd2
Be7 9. Qe1 O-O 10. Bxc6 bxc6 11. e5 Nd5 12. exd6 Bxd6 13. g4 Bg6 14. Nc4 Nf4
15. Bxf4 Bxf4 16. Qe2 Qc7 17. Nfe5 Rae8 18. Rae1 f5 19. Nxg6 hxg6 20. Ne5 g5
21. Kg2 Rf6 22. Rh1 Rh6 23. Nc4 g6 24. Ne3 Qf7 25. Qf3 Qd7 26. Nc4 e5 27. b3
Rh4 28. Ne3 Bxe3 29. Rxe3 fxg4 30. Qf6 gxh3+ 31. Rhxh3 Re6 32. Qxg5 Rxh3 33.
Rxh3 Qe7 34. Qxe7 Rxe7 35. Rh4 Kf7 36. Rc4 Ke6 37. Rxc5 Kd6 38. Rc4 c5 39. Rg4
Re6 40. Kf3 Rf6+ 41. Ke3 Kd5 42. Ra4 a6 43. c4+ 1-0

[Event "Schloss op 1st"]
[Site "Heusenstamm"]
[Date "2014.11.21"]
[Round "3.35"]
[White "Miller, Justin"]
[Black "Foermes, Alexander"]
[Result "0-1"]
[WhiteElo "1712"]
[BlackElo "2012"]
[PlyCount "82"]
[EventDate "2014.11.??"]
[EventType "swiss"]
[EventRounds "7"]
[EventCountry "GER"]
[WhiteTeam "Sfr 1932 Kelkheim"]
[BlackTeam "SK Marburg 1931/72"]

1. e4 e6 2. d4 d5 3. e5 c5 4. c3 Nc6 5. Nf3 Bd7 6. a3 f6 7. Be3 fxe5 8. dxe5
Qc7 9. Bf4 Nge7 10. Bd3 g6 11. O-O Bg7 12. Re1 O-O 13. Qd2 Na5 14. Bc2 Nc4 15.
Qc1 Nc6 16. h4 Nxb2 17. h5 Be8 18. Ng5 Qe7 19. Nxh7 Kxh7 20. Bg5 Qc7 21. hxg6+
Bxg6 22. Qxb2 Bxe5 23. Re3 Bxc2 24. Qxc2+ Kg7 25. Qe2 Rf5 26. Qg4 Qf7 27. Rh3
Qg6 28. Bh6+ Kf7 29. Qxg6+ Kxg6 30. Be3 b6 31. Ra2 Rh8 32. Rxh8 Bxh8 33. a4 Na5
34. Re2 Nc4 35. Nd2 Nxe3 36. Rxe3 Kf7 37. Kf1 Bf6 38. Nf3 Rf4 39. Ke2 Rxa4 40.
Kd3 Rc4 41. Kd2 a5 0-1

[Event "Schloss op 1st"]
[Site "Heusenstamm"]
[Date "2014.11.21"]
[Round "3.36"]
[White "Hinrichs, Paul"]
[Black "Junker, Christian"]
[Result "0-1"]
[WhiteElo "1644"]
[BlackElo "2010"]
[PlyCount "66"]
[EventDate "2014.11.??"]
[EventType "swiss"]
[EventRounds "7"]
[EventCountry "GER"]
[WhiteTeam "SK Bingen"]
[BlackTeam "SV 1926 Neu Isenburg"]

1. d4 f5 2. c4 e6 3. Nc3 Nf6 4. Nf3 Be7 5. e3 d5 6. Bd3 O-O 7. O-O c6 8. b3 b6
9. cxd5 exd5 10. Bb2 Ne4 11. Ne5 Bb7 12. f4 Nd7 13. Rc1 Nxe5 14. fxe5 Bg5 15.
Rf3 Qe7 16. Qc2 Rac8 17. Rcf1 g6 18. Bc1 c5 19. Nxe4 dxe4 20. Bc4+ Kh8 21. Rg3
cxd4 22. exd4 Bxc1 23. Rxc1 b5 24. Qb2 bxc4 25. bxc4 f4 26. Rb3 Ba6 27. d5 Qc5+
28. Kh1 f3 29. gxf3 exf3 30. Rf1 f2 31. Kg2 Bxc4 32. Rb7 Bxd5+ 33. Kg3 Qe3+ 0-1

[Event "Schloss op 1st"]
[Site "Heusenstamm"]
[Date "2014.11.21"]
[Round "3.37"]
[White "Diez, Gerhard"]
[Black "Firinci, Erdem"]
[Result "1-0"]
[WhiteElo "2007"]
[BlackElo "1633"]
[PlyCount "81"]
[EventDate "2014.11.??"]
[EventType "swiss"]
[EventRounds "7"]
[EventCountry "GER"]
[WhiteTeam "SC Bad Nauheim"]
[BlackTeam "Sfr Heusenstam"]

1. e4 c5 2. Nf3 Nc6 3. d4 cxd4 4. Nxd4 Qb6 5. Nb3 e5 6. Be3 Qc7 7. Be2 Nf6 8.
f3 Be7 9. O-O O-O 10. c4 d6 11. Nc3 a6 12. Rc1 Qd7 13. Rf2 Re8 14. Bf1 Na7 15.
a4 Qd8 16. a5 Be6 17. Na4 Nc6 18. Rd2 Nd7 19. c5 Bxb3 20. Qxb3 Nxa5 21. Qd1 Bg5
22. Bxg5 Qxg5 23. Rxd6 Nf6 24. Rc3 Nc6 25. Nb6 Rad8 26. Nc4 Nh5 27. Kh1 Nf4 28.
Ne3 Na7 29. g3 Ne6 30. Rcd3 Nb5 31. Rxd8 Rxd8 32. Nd5 Nbd4 33. f4 exf4 34. gxf4
Nxf4 35. Rxd4 Nxd5 36. Rxd5 Rxd5 37. Qxd5 Qe7 38. Bc4 h6 39. e5 Kh7 40. Qxf7
Qxe5 41. Bd3+ 1-0

[Event "Schloss op 1st"]
[Site "Heusenstamm"]
[Date "2014.11.21"]
[Round "3.38"]
[White "Held, Maurice"]
[Black "Schneider, Johannes"]
[Result "0-1"]
[WhiteElo "1634"]
[BlackElo "2001"]
[PlyCount "70"]
[EventDate "2014.11.??"]
[EventType "swiss"]
[EventRounds "7"]
[EventCountry "GER"]
[WhiteTeam "SC Ladja Rossdorf"]
[BlackTeam "SV Mainz Mombach"]

1. c4 Nf6 2. Nf3 e6 3. g3 c5 4. Bg2 Nc6 5. Nc3 Be7 6. O-O Nd4 7. d3 O-O 8. Be3
Nxf3+ 9. Bxf3 d5 10. Bf4 Bd6 11. Bxd6 Qxd6 12. Rb1 d4 13. Ne4 Nxe4 14. Bxe4 Rb8
15. a3 f5 16. Bg2 Bd7 17. b4 b6 18. b5 h5 19. a4 f4 20. a5 Bc8 21. axb6 axb6
22. Ra1 Bb7 23. Ra7 Bxg2 24. Kxg2 e5 25. Qa4 fxg3 26. hxg3 h4 27. Qa6 hxg3 28.
fxg3 Rxf1 29. Kxf1 Rf8+ 30. Ke1 e4 31. Kd2 Qh6+ 32. Kc2 exd3+ 33. Kxd3 Qe3+ 34.
Kc2 Qc3+ 35. Kb1 Rf1+ 0-1

[Event "Schloss op 1st"]
[Site "Heusenstamm"]
[Date "2014.11.21"]
[Round "3.39"]
[White "Rolf, Marco"]
[Black "Rapp, Matthias"]
[Result "1-0"]
[WhiteElo "1985"]
[BlackElo "1485"]
[PlyCount "79"]
[EventDate "2014.11.??"]
[EventType "swiss"]
[EventRounds "7"]
[EventCountry "GER"]
[WhiteTeam "SK Bad Homburg 1927"]
[BlackTeam "TSV Schott Mainz"]

1. d4 d5 2. c4 Nf6 3. cxd5 e6 4. dxe6 Bxe6 5. Nf3 c5 6. e3 Nc6 7. Bb5 Qb6 8.
Qa4 Be7 9. O-O O-O 10. Bxc6 bxc6 11. Nc3 Rfd8 12. dxc5 Qxc5 13. e4 Rab8 14. Be3
Qh5 15. Qxa7 Bd6 16. e5 Bg4 17. exd6 Bxf3 18. gxf3 Qxf3 19. Qd4 c5 20. Qf4 Qc6
21. Rfd1 Rb4 22. Qf5 Rg4+ 23. Kf1 Qa6+ 24. Qd3 Qb7 25. Nd5 Nd7 26. a4 Qxb2 27.
Qf5 Rxa4 28. Rab1 Qa2 29. Qxd7 Qc4+ 30. Ke1 Raa8 31. Qf5 Ra2 32. Qd3 Qg4 33.
Qf1 h5 34. Nc3 Rc2 35. Rdc1 Qf5 36. Qc4 Rxd6 37. Rxc2 Qxc2 38. Rb8+ Kh7 39.
Qe4+ Qxe4 40. Nxe4 1-0

[Event "Schloss op 1st"]
[Site "Heusenstamm"]
[Date "2014.11.21"]
[Round "3.40"]
[White "Koellner, Ruben Gideon"]
[Black "Nixdorf, Andre"]
[Result "0-1"]
[WhiteElo "1529"]
[BlackElo "1977"]
[PlyCount "110"]
[EventDate "2014.11.??"]
[EventType "swiss"]
[EventRounds "7"]
[EventCountry "GER"]
[WhiteTeam "SV Bergneustadt/Derschlag"]
[BlackTeam "SK Norderstedt"]

1. d4 d5 2. Nf3 Nf6 3. e3 Bf5 4. c4 c6 5. Nc3 e6 6. Bd3 Bxd3 7. Qxd3 Be7 8. O-O
O-O 9. Ne5 Nbd7 10. f4 Nxe5 11. fxe5 Nd7 12. b3 Rc8 13. Rf3 g6 14. e4 dxc4 15.
bxc4 Bg5 16. Bxg5 Qxg5 17. Raf1 c5 18. Rg3 Qe7 19. Nb5 cxd4 20. Qxd4 Qc5 21.
Qxc5 Rxc5 22. Nd6 Nxe5 23. Nxb7 Rxc4 24. Ra3 Rb8 25. Nd6 Rc6 26. Ra5 Rxd6 27.
Rxe5 Ra6 28. Ra1 Ra3 29. Rc5 Rb2 30. Rc8+ Kg7 31. Rc7 Raxa2 32. Rxa2 Rxa2 33.
e5 a5 34. h3 a4 35. Kh2 a3 36. Kg3 g5 37. Kf3 h5 38. g4 h4 39. Ra7 Rh2 40. Ra4
Rxh3+ 41. Kg2 Rb3 42. Kh1 Rg3 43. Kh2 a2 44. Rxa2 Rxg4 45. Re2 Rg3 46. Re4 Kg6
47. Re2 g4 48. Re4 Kf5 49. Re2 Rf3 50. Re1 Rf2+ 51. Kg1 g3 52. Re3 Kf4 53. Re1
h3 54. Kh1 g2+ 55. Kh2 Rf1 0-1

[Event "Schloss op 1st"]
[Site "Heusenstamm"]
[Date "2014.11.21"]
[Round "3.41"]
[White "Klyszcz, Michael"]
[Black "Roytblat, David"]
[Result "1-0"]
[WhiteElo "1969"]
[BlackElo "1042"]
[PlyCount "81"]
[EventDate "2014.11.??"]
[EventType "swiss"]
[EventRounds "7"]
[EventCountry "GER"]
[WhiteTeam "SG Loeberitz"]
[BlackTeam "SC Heusenstamm"]

1. Nf3 Nc6 2. g3 Nf6 3. Bg2 e5 4. d4 exd4 5. Nxd4 Bc5 6. Be3 Qe7 7. Nc3 O-O 8.
O-O Nxd4 9. Bxd4 Bxd4 10. Qxd4 d6 11. Rad1 a6 12. Rd2 Rb8 13. Rfd1 Bf5 14. Qf4
Be6 15. a4 Rfe8 16. Bf3 b6 17. h4 Rbd8 18. h5 h6 19. e3 a5 20. Nb5 Rd7 21. Nd4
Rdd8 22. Nc6 Qd7 23. Nxd8 Rxd8 24. Rd4 Bf5 25. e4 Be6 26. e5 Ne8 27. Qd2 Kf8
28. b3 Ke7 29. exd6+ cxd6 30. Qe3 Kf8 31. c4 Kg8 32. Qf4 f6 33. Bd5 Bxd5 34.
Rxd5 Kf8 35. Qd4 Qc7 36. Qe3 Kf7 37. Re1 Kf8 38. Kg2 Qc6 39. Qe7+ Kg8 40. Qxd8
Kf8 41. Re7 1-0

[Event "Schloss op 1st"]
[Site "Heusenstamm"]
[Date "2014.11.21"]
[Round "3.42"]
[White "Pruemm, Stephan"]
[Black "Keller, Alexander"]
[Result "1-0"]
[WhiteElo "1342"]
[BlackElo "1963"]
[PlyCount "75"]
[EventDate "2014.11.??"]
[EventType "swiss"]
[EventRounds "7"]
[EventCountry "GER"]
[WhiteTeam "SC Heusenstamm"]
[BlackTeam "SK Buchloe"]

1. e4 c5 2. Nc3 Nc6 3. f4 d6 4. Bb5 Bd7 5. Bxc6 Bxc6 6. Nf3 e6 7. d3 Nf6 8. O-O
Qb6 9. Qe1 O-O-O 10. a4 h6 11. b3 Be7 12. Bd2 Nh7 13. Nb5 Rd7 14. Bc3 Rg8 15.
Nd2 Kb8 16. Nc4 Qd8 17. Qc1 f6 18. b4 d5 19. Nd2 dxe4 20. Nxe4 cxb4 21. Be1 f5
22. Qe3 b6 23. Nd2 Bd5 24. Rb1 Nf6 25. Nf3 Ng4 26. Qe2 Re8 27. h3 Bxf3 28. Rxf3
Nf6 29. Bxb4 Bxb4 30. Rxb4 a6 31. Qe5+ Kb7 32. Na3 Rd5 33. Qe3 Rc5 34. Nc4 Nd5
35. Qxc5 Ka7 36. Nxb6 Nxb4 37. Nd5+ Ka8 38. Nxb4 1-0

[Event "Schloss op 1st"]
[Site "Heusenstamm"]
[Date "2014.11.21"]
[Round "3.44"]
[White "Koellner, Aaron Noah"]
[Black "Stock, Juergen"]
[Result "0-1"]
[WhiteElo "1325"]
[BlackElo "1941"]
[PlyCount "78"]
[EventDate "2014.11.??"]
[EventType "swiss"]
[EventRounds "7"]
[EventCountry "GER"]
[WhiteTeam "SV Bergneustadt/Derschlag"]
[BlackTeam "SC Eschborn 1974"]

1. d4 e6 2. Nf3 d5 3. e3 Bd6 4. Bd3 f5 5. c4 c6 6. Nc3 Nf6 7. O-O O-O 8. a4
Nbd7 9. b3 Ne4 10. Qc2 Qe7 11. Nd2 Rf6 12. f3 Bxh2+ 13. Kxh2 Rh6+ 14. Kg1 Ng3
15. Rd1 Qh4 16. Ba3 Nf6 17. Bd6 Rg6 18. Bxg3 Qxg3 19. Bf1 Bd7 20. Ne2 Qh4 21.
Nb1 Rf8 22. Nbc3 Nh5 23. cxd5 exd5 24. b4 Re6 25. Qd3 g5 26. b5 g4 27. fxg4
fxg4 28. Nf4 Nxf4 29. exf4 g3 30. Qxg3+ Qxg3 31. Rd3 Qxf4 32. Ne2 Qf2+ 33. Kh1
Rh6+ 34. Rh3 Bxh3 35. gxh3 Rg6 36. bxc6 bxc6 37. a5 Re8 38. a6 Rxe2 39. Bxe2
Qg2# 0-1

[Event "Schloss op 1st"]
[Site "Heusenstamm"]
[Date "2014.11.21"]
[Round "3.46"]
[White "Zirlik, Rudi"]
[Black "Voeller, Lothar"]
[Result "1-0"]
[WhiteElo "1993"]
[BlackElo "1715"]
[PlyCount "101"]
[EventDate "2014.11.??"]
[EventType "swiss"]
[EventRounds "7"]
[EventCountry "GER"]
[WhiteTeam "SV Unterkochen"]
[BlackTeam "FS Dortmund"]

1. d4 f5 2. Qd3 e6 3. e4 fxe4 4. Qxe4 Nf6 5. Qh4 Be7 6. Bd3 O-O 7. Bg5 g6 8. c4
Qe8 9. Nf3 d6 10. Nc3 Nc6 11. O-O-O Nh5 12. Rhe1 Bxg5+ 13. Qxg5 Qf7 14. d5 Nb4
15. dxe6 Nxd3+ 16. Rxd3 Bxe6 17. Rde3 Ng7 18. b3 a6 19. Nd4 Rae8 20. f3 Bc8 21.
Re7 Rxe7 22. Rxe7 Qf4+ 23. Qxf4 Rxf4 24. Rxc7 Rf8 25. Nd5 Nf5 26. Nxf5 Bxf5 27.
Ne7+ Kh8 28. Nxf5 Rxf5 29. Rxb7 Ra5 30. a4 d5 31. cxd5 Rxd5 32. Rb6 Ra5 33. Kc2
Kg7 34. Kc3 h5 35. Kb4 Rg5 36. g3 a5+ 37. Kc4 Rf5 38. f4 h4 39. Rb5 hxg3 40.
hxg3 Kf6 41. Rxf5+ Kxf5 42. b4 axb4 43. a5 Kg4 44. a6 Kxg3 45. a7 Kxf4 46. a8=Q
g5 47. Kd3 g4 48. Qe4+ Kg5 49. Qxb4 Kh4 50. Ke3 Kh3 51. Kf4 1-0

[Event "Schloss op 1st"]
[Site "Heusenstamm"]
[Date "2014.11.21"]
[Round "3.47"]
[White "Turp, Hueseyin"]
[Black "Haftmann, Rainer"]
[Result "1-0"]
[WhiteElo "1651"]
[BlackElo "1884"]
[PlyCount "71"]
[EventDate "2014.11.??"]
[EventType "swiss"]
[EventRounds "7"]
[EventCountry "GER"]
[WhiteTeam "Oberhausener SV"]
[BlackTeam "SG 1945 Dietzenbach"]

1. d4 Nf6 2. Bf4 c6 3. c4 d5 4. e3 e6 5. c5 Nbd7 6. Bd3 Be7 7. Nf3 O-O 8. O-O
b6 9. b4 a5 10. b5 cxb5 11. c6 Ba6 12. cxd7 Nxd7 13. Qe2 f6 14. Nbd2 g5 15. Bg3
g4 16. Ne1 f5 17. Rc1 Rc8 18. Rxc8 Qxc8 19. Bxb5 Bxb5 20. Qxb5 h5 21. Nd3 h4
22. Rc1 Qe8 23. Bc7 Bd8 24. Bd6 Rf7 25. Ne5 Rg7 26. Rc8 Kh7 27. Bc7 g3 28. hxg3
hxg3 29. fxg3 Qh5 30. Bxd8 Qd1+ 31. Nf1 Nxe5 32. dxe5 d4 33. Bf6 dxe3 34. Qe8
Rd7 35. Qg8+ Kh6 36. Qg5+ 1-0

[Event "Schloss op 1st"]
[Site "Heusenstamm"]
[Date "2014.11.21"]
[Round "3.49"]
[White "Fuessel, Jan Michael"]
[Black "Modanese, Augusto"]
[Result "1/2-1/2"]
[WhiteElo "1565"]
[BlackElo "1875"]
[PlyCount "81"]
[EventDate "2014.11.??"]
[EventType "swiss"]
[EventRounds "7"]
[EventCountry "GER"]
[WhiteTeam "VSG 1880 Offenbach"]

1. b3 d5 2. Bb2 Nf6 3. e3 e6 4. Nf3 Bd6 5. c4 c6 6. Nc3 a6 7. cxd5 exd5 8. Be2
O-O 9. O-O Nbd7 10. Qc2 Re8 11. Rac1 Nf8 12. Nd4 Ng4 13. f4 f6 14. Nf5 Bxf5 15.
Qxf5 Nh6 16. Qh3 Nf7 17. Bd3 Qe7 18. Ne2 Ba3 19. Bxa3 Qxa3 20. Bb1 Nd6 21. Ng3
Ne4 22. Bxe4 dxe4 23. Rc2 Rad8 24. f5 Qa5 25. Rf2 Nd7 26. Nh5 Ne5 27. Qg3 Re7
28. Nxf6+ Kh8 29. Nh5 Nd3 30. f6 gxf6 31. Qh4 Qg5 32. Qxg5 fxg5 33. Rf5 h6 34.
Kf1 Kh7 35. Ke2 Kg6 36. g4 Rd5 37. Ng3 Rxf5 38. gxf5+ Kf6 39. Nxe4+ Rxe4 40.
Kxd3 Rh4 41. e4 1/2-1/2

[Event "Schloss op 1st"]
[Site "Heusenstamm"]
[Date "2014.11.21"]
[Round "3.50"]
[White "Paeslack, Luis"]
[Black "Muegendt, Brian Christopher"]
[Result "1-0"]
[WhiteElo "1777"]
[BlackElo "1622"]
[PlyCount "69"]
[EventDate "2014.11.??"]
[EventType "swiss"]
[EventRounds "7"]
[EventCountry "GER"]
[WhiteTeam "SK Mainaschaff"]
[BlackTeam "SC Heusenstamm"]

1. e4 c5 2. c3 d5 3. exd5 Qxd5 4. d4 Nc6 5. dxc5 Qxc5 6. Be3 Qd6 7. Qxd6 exd6
8. Nd2 Be6 9. Ngf3 Be7 10. O-O-O Rc8 11. Bb5 Bf6 12. Ne4 Be7 13. Nxd6+ Bxd6 14.
Rxd6 Bxa2 15. Bc5 Nge7 16. Re1 Be6 17. Nd4 Bd7 18. Rxe7+ Kxe7 19. Rxc6+ Kd8 20.
Rd6 Rxc5 21. Rxd7+ Kc8 22. Rxf7 Rc7 23. Rf3 a6 24. Bd3 g6 25. Rh3 Re8 26. Kd2
Rf7 27. Rf3 Rxf3 28. Nxf3 a5 29. Ng5 Re7 30. f4 Kb8 31. g4 Kc7 32. f5 gxf5 33.
gxf5 Kd8 34. f6 Re5 35. Nf7+ 1-0

[Event "Schloss op 1st"]
[Site "Heusenstamm"]
[Date "2014.11.21"]
[Round "3.51"]
[White "Senatov, Boris"]
[Black "Berkes, Joerg"]
[Result "0-1"]
[WhiteElo "1213"]
[BlackElo "1775"]
[PlyCount "82"]
[EventDate "2014.11.??"]
[EventType "swiss"]
[EventRounds "7"]
[EventCountry "GER"]
[WhiteTeam "SC Heusenstamm"]
[BlackTeam "SK Langen"]

1. e4 e6 2. d4 d5 3. Nc3 Bb4 4. e5 c5 5. Bd2 cxd4 6. Nb5 Bxd2+ 7. Qxd2 Nc6 8.
f4 a6 9. Nd6+ Kf8 10. Nf3 Qb6 11. b3 Bd7 12. Bd3 Nge7 13. Ng5 Be8 14. Nxh7+
Rxh7 15. Bxh7 g6 16. f5 Qb4 17. c3 Qxc3 18. Qxc3 dxc3 19. f6 Nc8 20. Nxe8 Kxe8
21. O-O Nxe5 22. Rac1 d4 23. Rfd1 Nc6 24. h4 Nd6 25. g4 Kd7 26. h5 gxh5 27.
gxh5 Rh8 28. Bd3 Rxh5 29. Be2 Rg5+ 30. Kh2 e5 31. Rg1 Rxg1 32. Rxg1 e4 33. Rd1
c2 34. Rc1 d3 35. Bg4+ Kc7 36. a3 Na5 37. Bd1 Nxb3 38. Rxc2+ dxc2 39. Bxc2 Nd4
40. Bd1 e3 41. Kh3 e2 0-1

[Event "Schloss op 1st"]
[Site "Heusenstamm"]
[Date "2014.11.21"]
[Round "3.52"]
[White "Blank, Stefan"]
[Black "Schreer, Maxima"]
[Result "1-0"]
[WhiteElo "1808"]
[BlackElo "1433"]
[PlyCount "103"]
[EventDate "2014.11.??"]
[EventType "swiss"]
[EventRounds "7"]
[EventCountry "GER"]
[WhiteTeam "SC Sulzbach"]
[BlackTeam "Sfr 1891 Friedberg"]

1. e4 e5 2. Nf3 Nc6 3. d3 Bc5 4. Be2 Nf6 5. O-O d6 6. c3 Bg4 7. Nbd2 h6 8. b4
Bb6 9. a4 a6 10. Nc4 Ba7 11. Ne3 Be6 12. Bd2 d5 13. exd5 Nxd5 14. Nxd5 Bxd5 15.
b5 axb5 16. axb5 Nb8 17. Nxe5 Nd7 18. Nxd7 Qxd7 19. Be3 b6 20. c4 Be6 21. Bf3
Qd8 22. Bc6+ Bd7 23. Bxa8 Qxa8 24. Qa4 O-O 25. Qxa7 Qd8 26. Qa3 Qf6 27. d4 Qg6
28. Bf4 Qe4 29. Qg3 Kh8 30. Bxc7 Qe6 31. d5 Qe8 32. Bxb6 Qe2 33. Qd6 Qe8 34.
Rfe1 Qc8 35. Re7 Bf5 36. Rae1 Bd3 37. Qc6 Qxc6 38. bxc6 Bxc4 39. Re8 Rxe8 40.
Rxe8+ Kh7 41. d6 Bb5 42. Rc8 Ba6 43. Ra8 Bb5 44. c7 Bd7 45. c8=Q Bxc8 46. Rxc8
f6 47. d7 Kg6 48. d8=Q Kf5 49. Qd7+ Kg6 50. Qg4+ Kf7 51. Rc7+ Kf8 52. Qc8# 1-0